000 01121nam a2200253Ia 4500
999 _c38304
_d38304
001 4314
003 GE_BSU
005 20191007121245.0
008 181216s1988||||ge |||||||||||||| ||geo||
040 _cGE_BSU
041 _ageo
080 _a39(479.22)(092) ო–91
100 _aოჩიაური, თინათინ
_94572
245 _aვერა ბარდაველიძე :
_bცხოვრება და მოღვაწეობა /
_cრედ. ი. სურგულაძე.
264 _aთბ. :
_bმეცნიერება,
_c1988.
300 _a53 გვ.:
_bილ.,
_c21 სმ.
504 _a ბიბლიოგრ.: გვ.44-51.
520 _aრეზ. რუს.
541 _h2ლ.
653 _aქართველი ეთნოგრაფები
700 _aრუხაძე, ჯულიეტა
_eრედაქტორი
_94287
710 _aსაქ. სსრ მეცნ. აკად., ისტორიის, არქეოლოგიისა და ეთნოგრაფიის ინ-ტი.
_91524
942 _cBK
_2udc